| 000 | 00907nam1a22002411i 4500 | ||
|---|---|---|---|
| 001 | v19\rc\1804029 | ||
| 005 | 20240726045114.0 | ||
| 035 | _a(NLR Aleph) 004905421 | ||
| 090 |
_a5420398 _c5420398 |
||
| 100 | _a20071224g19061908|||y0rusy50 ca | ||
| 101 | 1 |
_arus _cgre |
|
| 102 | _aRU | ||
| 105 | _a z ||||| | ||
| 200 | 1 |
_aТворения Иоанна Златоуста _eТолкование на св. Матфея Евангелиста _fИзд. Обители Иоанна Златоуста на св. горе Афоне. Беседа 1-12 |
|
| 210 |
_aНижний Новгород _d1906-1908 |
||
| 215 | _a12 т. | ||
| 700 | 0 |
_aИоанн Златоуст _fмежду 344 и 354 - 407 |
|
| 702 | 0 |
_aМатвей _cсв. евангелист _4570 |
|
| 801 | 0 |
_aRU _bNLR _gpsbo |
|
| 801 | 0 |
_aRU _bRuMoRGB _2psbo |
|
| 801 | 1 |
_aRU _bProSoft-M _2rusmarc |
|
| 852 |
_aNLR _jШифры разные |
||
| 942 | _cBOOK | ||